| 000 | 00726 a2200169 4500 | ||
|---|---|---|---|
| 003 | Nust | ||
| 005 | 20230206103905.0 | ||
| 040 | _cNust | ||
| 082 | _a954.9,RAB | ||
| 100 |
_aRabbani, M. Ikram _9108642 |
||
| 245 |
_aComprehensive Pakistan studies / _cM. Ikram Rabbani and Monawwar Ali Sayyid |
||
| 260 |
_aLahore _bCaravan Book |
||
| 300 | _a338 p. | ||
| 505 | _aEstablishment Of Pakistan (Page-1), History Of Pakistan (Page-102), The Establishment Of An Islamic State (Page-125), Geography Of Pakistan (Page-141), Pakistani Culture (Page-214), Pakistani Languages (Page-236), Economic Planning And Development (Page-245), Pakistan In The Comity Of Nations (Page-286). | ||
| 650 |
_aPakistan study _93915 |
||
| 942 |
_2ddc _cBK |
||
| 999 |
_c194862 _d194862 |
||